| 000 | 01027cam a22001814a 4500 | ||
|---|---|---|---|
| 005 | 20250605164034.0 | ||
| 008 | 250528s ||||||||||||||||||||||||d | ||
| 035 | _a16751 | ||
| 040 |
_aGR-AtMCL _bgre _dGR-AtMCL _eAACR2 |
||
| 245 | 1 | _aΕπιλεγομένα στην Ομηρική Οδύσσεια | |
| 260 |
_bΚέδρος, _c2005 |
||
| 300 | _a272 | ||
| 520 | _aΤα Επιλεγόμενα επιχειρούν την υπέρβαση της βασανιστικής αυτής διάκρισης, ψάχνοντας στο υπέδαφος της, όπου πρωτότυπος και μεταφραστικός λόγος βρίσκουν την κοινή τους ρίζα. Τα Είκοσι Τέσσερα Επιλεγόμενα Προϋποθέτουν τα Λεγόμενα στις Είκοσι Τέσσερις Ραψωδίες της Πρωτότυπης και Μεταφρασμένης Οδύσσειας. | ||
| 700 | 1 |
_aΜαρωνίτης Δ. Ν _92841 |
|
| 942 | _cBK | ||
| 999 |
_c2220 _d2220 |
||